Města jako systémy

Enregistré dans:
Détails bibliographiques
Auteur principal: Čelechovský, Gorazd
Autres auteurs: Šipler, Vladimír
Format: Livre
Langue:tchèque
Publié: Praha Academia 1983
Collection:Nové obzory vědy
Tags: Ajouter un tag
Pas de tags, Soyez le premier à ajouter un tag!

MARC

LEADER 00000nam a2200000 4500
001 c116426
005 20221207065835.6
041 0 |a cze 
044 |a CZ 
245 1 0 |a Města jako systémy  |c Gorazd Čelechovský, Vladimír Šipler 
264 1 |a Praha  |b Academia  |c 1983 
300 |a 206 s. 
490 1 |a Nové obzory vědy 
830 0 |a Nové obzory vědy 
100 1 |a Čelechovský, Gorazd 
700 1 |a Šipler, Vladimír